000 00512 a2200169 4500
999 _c9020
_d9020
020 _a9780409048391
050 0 0 _aKF 8931 ZEF 2010
100 1 _aZeffertt, D. T.
_d1929-
245 1 0 _aEssential evidence /
_cby D.T. Zeffertt, A.P. Paizes.
264 _aDurban:
_bLexisNexis,
_c2010
300 _axviii, 361 pages ;
500 _aIncludes index
504 _aIncludes bibliographical references and index.
650 0 _aEvidence (Law)
700 1 _aPaizes, A. P.
_q(Andrew Peter)
942 _2lcc
_cBK
_h8931
_iZEF
_kKF